00757nam a2200205 i 4500001000700000003000900007005001700016007000300033008004100036080001500077100003200092245010800124260004100232300003000273500004300303650003100346852003300377999001900410952012200429104898ES-MaACL20230906183723.0t|060523s1946 fr ||||1| fre d a782.1(091)1 aHorowicz, Bronislaw.96423813aLe théatre d'opéra b: histoire, réalisations scéniques, possibilités / cBronislaw Horowicz. aParis : bEditions de Flore, c1946. a270 p. : bil. ; c22 cm. aBiblioteca Jacinto Martínez Lacalle. 4aÓpera-xHistoria.915712 aES-MaACLjE-11221 bR.138926 c104898d104898 00104070aATENEOMbATENEOMcDEPO2d2008-01-17eSCl0oE-11221p1109512r2023-02-23 00:00:00w2023-02-23yMONOGRAFIA